000 00757cam a2200277 4500500
005 20260405001729.0
041 _afre
042 _adc
100 1 0 _aJaccard, Roland
_eauthor
245 0 0 _aLecture pornologique
260 _c2014.
500 _a44
690 _aÉrotisme
690 _aFemme
690 _aFétiche
690 _aJaponaise
690 _aMasochisme
690 _aParaphiliae
690 _aPornographie
690 _aRoland Jaccard
690 _aSacher-Masoch
690 _aSexualité
690 _aVénus à la Fourrure
786 0 _nPhilosophie magazine | 78 | 4 | 2014-04-01 | p. 49-50 | 1951-1787
856 4 1 _uhttps://shs.cairn.info/magazine-philosophie-magazine-2014-4-page-49?lang=fr&redirect-ssocas=7080
999 _c2050504
_d2050504